000 00588nam a2200205 a 4500
005 20140310183534.0
008 110822s19uu xx 00 eng d
020 _a9781856178006
050 _aHD 66
_b.B44 2010
100 _aBelbin, R. Meredith
245 _aTeam roles at work /
_cR. Meredith Belbin.
260 _aAmsterdam :
_bElsevier,
_c2010.
300 _a153 p. :
_bill. ;
_c24 cm.
521 _aBSBA
650 _aTeams in the workplace
650 _aInterpersonal communication
650 _aManagement
_xEmployee participation
942 _cBK
_2lcc
_kFOR
999 _c24691
_d24691